| 000 | 00441nab a2200145Ia 4500 | ||
|---|---|---|---|
| 003 | ES-SlBCS | ||
| 005 | 20210601125250.0 | ||
| 008 | 140529s1987 xxu||||| |||| 00| 0 eng d | ||
| 041 | _aeng | ||
| 100 | 1 |
_aPetrie, Bradford _9156134 |
|
| 245 | 0 | 0 |
_aGlobal Supervenience and Reduction _c Bradford Petrie |
| 650 | 0 | 4 |
_aSobrevivir _9156135 |
| 773 | 0 |
_tPhilosophy and Phenomenological Research _gvol. 48, 1987, págs. 119-130 _wRev1411 |
|
| 942 | _cAR | ||
| 999 |
_c527507 _d527507 |
||